Attractors of evolutionary equations
Αποθηκεύτηκε σε:
| Κύριος συγγραφέας: | |
|---|---|
| Άλλοι συγγραφείς: | |
| Μορφή: | Βιβλίο |
| Γλώσσα: | English |
| Δημοσίευση: |
Amsterdam ; New York : New York, N.Y. U.S.A. :
North-Holland ; , Distributors for the U.S. and Canada, Elsevier Science Pub. Co.,
1992
|
| Σειρά: | Studies in mathematics and its applications ;
; 25 |
| Θέματα: | |
| Ετικέτες: |
Προσθήκη ετικέτας
Δεν υπάρχουν, Καταχωρήστε ετικέτα πρώτοι!
|
MARC
| LEADER | 00000nam a2200000 i 4500 | ||
|---|---|---|---|
| 001 | 1/36874 | ||
| 008 | 970417s1992 eng d | ||
| 020 | |a 0-444-89004-1 | ||
| 035 | |1 ΕΛΗ |a 1997 |b 1604 |c ΛΥΜΠΕΡΟΠΟΥΛΟΣ |l 10040354 | ||
| 040 | |a GR-MY-UA |b gre |e aacr | ||
| 041 | 0 | |a eng | |
| 082 | 0 | |a 515.353 | |
| 100 | 1 | |a Babin, A. V. |q (Anatolii Vladimirovich) | |
| 245 | 1 | 0 | |a Attractors of evolutionary equations / |c A.V. Babin and M.I. Vishik |
| 260 | |a Amsterdam ; New York : |a New York, N.Y. U.S.A. : |b North-Holland ; , |b Distributors for the U.S. and Canada, Elsevier Science Pub. Co., |c 1992 | ||
| 300 | |a x, 532 p.; |c 24 cm. | ||
| 490 | 1 | |a Studies in mathematics and its applications |v ; 25 | |
| 500 | |a Includes bibliographical references (p. 505-526) and index | ||
| 650 | 0 | 0 | |a Navier-Stokes equations |x Numerical solutions. |
| 700 | 1 | |a Vishik, M. I. | |
| 830 | 0 | |a Studies in mathematics and its applications ; |v ; 25 | |
| 852 | |a INST |b SAMOS |e 19970417 |h 515.353 BAB |p 005300008856 |q 005300008856 |t BK |y 0 | ||
| 901 | |a BIBL-1997-2 | ||
| 909 | |a Σ |b 050897 | ||